Analysis for Strategic Marketing. (Record no. 349125)

000 -LEADER
fixed length control field 00398 a2200157 4500
020 ## - INTERNATIONAL STANDARD BOOK NUMBER
International Standard Book Number 9780321001986
024 ## - OTHER STANDARD IDENTIFIER
Standard number or code 0321001982
082 ## - DEWEY DECIMAL CLASSIFICATION NUMBER
Classification number 658.8'02
090 ## - LOCALLY ASSIGNED LC-TYPE CALL NUMBER (OCLC); LOCAL CALL NUMBER (RLIN)
-- 6781
-- 6781
100 ## - MAIN ENTRY--PERSONAL NAME
Personal name Rao,Vithala R.
245 ## - TITLE STATEMENT
Title Analysis for Strategic Marketing.
Statement of responsibility, etc. Vithala R.Rao
260 ## - PUBLICATION, DISTRIBUTION, ETC.
Place of publication, distribution, etc. New York
Name of publisher, distributor, etc. Addison-Wesley
Date of publication, distribution, etc. 1998.
300 ## - PHYSICAL DESCRIPTION
Extent 514p.
500 ## - GENERAL NOTE
General note Paper cover
942 ## - ADDED ENTRY ELEMENTS (KOHA)
Institution code [OBSOLETE] NBS
Koha item type Book
Call number prefix 658.8'02 RAO
Holdings
Withdrawn status Lost status Damaged status Not for loan Permanent Location Current Location Date acquired Total Checkouts Full call number Barcode Date last seen Price effective from Koha item type
        Central Library (CL) Central Library (CL) 08/28/2013   658.8'02 RAO NBS4250 08/28/2013 08/28/2013 Book
© 2023 Central Library, National University of Sciences and Technology. All Rights Reserved.